| 000 | 02636nam a2200265 a 4500 | ||
|---|---|---|---|
| 001 | ASIN050025138X | ||
| 005 | 20170105102928.0 | ||
| 008 | 131213s2008 xxu eng d | ||
| 020 |
_a050025138X (hardcover) _c$50.00 |
||
| 020 | _a9780500251386 (hardcover) | ||
| 040 | _a0 | ||
| 050 | 0 | 4 | _aU29 |
| 082 | 0 | 4 |
_a930 _bANC 2008 |
| 245 | 0 | 4 |
_aThe ancient world at war / _cPhilip de Souza. |
| 250 | _a1st ed. | ||
| 260 |
_a[S.l.] : _bThames & Hudson, _c2008. |
||
| 300 |
_a320 p. ; _c28 cm. |
||
| 520 | _aA global history of ancient warfare, covering Egypt, the Near East, Greece, Rome, Central Asia, India, China, Korea, Japan, and the Americas. In this new survey of ancient warfare, a group of distinguished historians and archaeologists discusses major battles and wars from around the world. The book ranges in time from 8000 BC and the earliest evidence of warfare in northern Iraq to the armies of the Aztecs and Incas half a millennium ago, and includes Alexander the Great's triumphant campaigns against Persia in the fourth century BC, Caesar's Gallic Wars, the Han Chinese defeat of the nomadic Xiongnu horsemen, and the Inca ruler Atahualpa's last stand against Pizarro. The authors combine descriptions of the course of military events with expert analyses and explanations of the underlying social, economic, and cultural factors that shaped ancient warfare. Their essays survey the evolution of armies, tactics, and military equipment, from the strategic mastery evident in an early Chinese treatise on war by Sunzi to the rise of the Greek hoplite warrior and the development of swords and armor in ancient Japan. Special features cover key battles such as Qadesh, Issus, and Cannae; weaponry from shields to artillery; and visual resources such as Trajan's Column and the Terracotta Army. The rich illustrative material includes photographs, drawings, and specially commissioned 3-D battle reconstructions, maps, and plans. 351 illustrations, 150 in color. Contributions by: Elizabeth Arkush • Gina Barnes • Brian S. Bauer • Daniel Boatright • Robin Coningham • Jon Coulston • Hugh Elton • R. Brian Ferguson • Ross Hassig • Mark Manuel • Alan Peatfield • Charles A. Peterson • David Potter • Louis Rawlings • Nathan Rosenstein • Nicholas Sekunda • Ian Shaw • Joe Szymczak • Nigel Tallis • Hans van Wees. | ||
| 650 | 0 | _aMilitary art and science | |
| 650 | 0 | _aMilitary history, Ancient | |
| 650 | 0 | _aMilitary history, Medieval | |
| 700 | 1 | _aSouza, Philip de. | |
| 856 | 4 | 0 |
_3Amazon.com _uhttp://www.amazon.com/exec/obidos/ASIN/050025138X/chopaconline-20 |
| 942 |
_2ddc _cREF |
||
| 999 |
_c15922 _d15922 |
||